Estatutos de la Sociedad Anónima Inglesa The Lautaro Nitrate Co.
Zapisane w:
| Korporacja: | |
|---|---|
| Format: | Książka |
| Język: | hiszpański |
| Wydane: |
Valparaíso
Sociedad Imprenta y Litografía Universo
1926
|
| Wydanie: | 1a. ed |
| Hasła przedmiotowe: | |
| Etykiety: |
Dodaj etykietę
Nie ma etykietki, Dołącz pierwszą etykiete!
|
MARC
| LEADER | 00000nam a2200000 a 4500 | ||
|---|---|---|---|
| 001 | UCJ8121 | ||
| 003 | CL-VaPUC | ||
| 008 | 070124e19260000CL |||||||||||||||||spa|d | ||
| 082 | 0 | 4 | |a 918.3 |b LAU |2 21 |
| 110 | 2 | |a Lautaro Nitrate Co., Ltd. |e author |9 516789 | |
| 245 | 1 | 0 | |a Estatutos de la Sociedad Anónima Inglesa The Lautaro Nitrate Co. |
| 250 | |a 1a. ed | ||
| 300 | |a 50 p | ||
| 942 | |c BK | ||
| 945 | |d 20070124 00:00:00 |a rinostro | ||
| 260 | |a Valparaíso |b Sociedad Imprenta y Litografía Universo |c 1926 | ||
| 650 | 0 | |a Industria salitrera |9 440309 | |
| 583 | |a last modification |c 20070124 00:00:00 |k Rodrigo Vera | ||
| 999 | |c 323919 |d 323917 | ||
| 952 | |0 0 |1 0 |4 0 |6 918_300000000000000_LAU_1926 |7 0 |8 X |9 403777 |a FDOBUD |b FDOBUD |d 2019-11-22 |i 1073214 |o 918.3 LAU 1926 |p 1073214 |r 2019-11-22 |w 2019-11-22 |y BK_X |k BUD | ||